00301nam a2200097 a 4500008004100000050001900041245003400060246004200094260005800136350000900194120416s2003 ||||||||||||||||| || u aGOV.ZAM.C4(02)10aPopulation projections report a2000 census of population and housing aLusakabCentral Statistical Office (CSO)-Zambiac2003 a0.00